Euphorbiaceae del Quindío / (Registro nro. 7540)

Detalles MARC
000 -CABECERA
Campo de control 01068nam a22002657a 4500
005 - FECHA Y HORA DE LA ULTIMA TRANSACCION
Campo de control 20151006020003.0
008 - ELEMENTOS DE LONGITUD FIJA—INFORMACION GENERAL
Campo de control s2010 ck r 000 spa d
020 ## - ISBN
ISBN 9789588593173
040 ## - FUENTE DE CATALOGACIÓN
Agencia catalogadora original CO-BoIAVH
Agencia transcriptora CO-BoIAVH
041 0# - IDIOMA
Código de idioma para texto/pista de sonido o título separado Español
044 ## - PAÍS DE PUBLICACIÓN
País de publicación Colombia
082 04 - NUMERO DE CLASIFICACION DECIMAL DEWEY
Número de clasificación 581.9861
Número del ítem M46e
100 1# - ASIENTO PRINCIPAL--NOMBRE PERSONAL
Nombre personal Maya-Lastra, Carlos Alonso
9 (RLIN) 1447
245 10 - MENCION DE TITULO
Título Euphorbiaceae del Quindío /
Mención de responsabilidad Carlos Alonso, Maya-Lastra y Carlos Alberto, Agudelo-Henao
260 ## - PUBLICACION, DISTRIBUCION, ETC. (PIE DE IMPRENTA)
Lugar de publicación, distribución, etc. Armenia (Colombia):
Nombre del editor, distribuidor, etc. Universidad del Quindío,
Fecha de publicación, distribución, etc. 2010.
300 ## - DESCRIPCION FISICA
Extensión 94 páginas :
Otros detalles físicos ilustraciones algunas a color ;
Dimensiones 24 cm.
504 ## - NOTA DE BIBLIOGRAFIA, ETC.
Nota de bibliografía Incluye referencias bibliográficas (páginas 88-94).
650 #6 - ASIENTO SECUNDARIO DE MATERIA - TERMINO TEMATICO
Término temático o nombre geográfico como elemento de entrada Plantas
Subdivisión geográfica Quindío (Departamento, Colombia)
9 (RLIN) 40167
650 #6 - ASIENTO SECUNDARIO DE MATERIA - TERMINO TEMATICO
Término temático o nombre geográfico como elemento de entrada Plantas
Subdivisión general especies
Subdivisión geográfica Quindío (Departamento, Colombia)
9 (RLIN) 40168
650 #6 - ASIENTO SECUNDARIO DE MATERIA - TERMINO TEMATICO
Término temático o nombre geográfico como elemento de entrada Flora
Subdivisión geográfica Quindío (Departamento, Colombia)
9 (RLIN) 40169
650 #6 - ASIENTO SECUNDARIO DE MATERIA - TERMINO TEMATICO
Término temático o nombre geográfico como elemento de entrada Flora
Subdivisión general especies
Subdivisión geográfica Quindío (Departamento, Colombia)
9 (RLIN) 40170
650 #6 - ASIENTO SECUNDARIO DE MATERIA - TERMINO TEMATICO
Término temático o nombre geográfico como elemento de entrada Botánica
Subdivisión geográfica Quindío (Departamento, Colombia)
9 (RLIN) 40171
700 1# - ASIENTO SECUNDARIO - NOMBRE PERSONAL
Nombre personal Agudelo Henao, Carlos Alberto
9 (RLIN) 1556
942 ## - ELEMENTOS ADICIONALES (KOHA)
Sistema de clasificación Dewey Decimal Classification
Tipo de ítem Libro
Koha issues (borrowed), all copies 1
Existencias
Withdrawn status Lost status Sistema de Clasificación Damaged status No para préstamo Colección Inventariado Ubicación Permanente Ubicación actual Fecha de adquisición Fuente de Valor Valor Total Checkouts Número topográfico Inventario / Código de Barras Date last seen Date checked out Ejemplar Price effective from Forma de adquisición Tipo de material
    Dewey Decimal Classification     General Inventariado 2017 Bogotá Bogotá 12/08/2013 Instituto 39000.00 1 LB 581.9861 M46e 058324 05/10/2015 05/10/2015 Ej. 1 12/08/2013   Libro
    Dewey Decimal Classification     General Inventariado 2017 Sala Fabio Quevedo Sala Fabio Quevedo 29/09/2015 Instituto 39000.00   LB-581.9861 M46e 035224 29/09/2015   Ej. 2 29/09/2015   Libro